Capitals Starting with 'T' - Statistics

General Stats
  • This quiz has been taken 319 times
  • The average score is 9 of 12
Answer Stats
Continent Capital % Correct
Asia Tehran
87%
Europe Tirana
84%
Asia Tashkent
83%
Africa Tunis
83%
Europe Tallinn
82%
Asia Tokyo
81%
Asia Taipei
78%
North America Tegucigalpa
76%
Asia Tbilisi
75%
Africa Tripoli
74%
Asia Thimphu
72%
Oceania Tarawa
63%
No matching quizzes found
Score Distribution
Percent of People with Each Score
Percentile by Number Answered
Your Score History
You have not taken this quiz